Les Ràdios municipals i la premsa comarcal : la comunicació a Catalunya la comunicació a Catalunya
Descripción Física:
3 pàgs. ; il. b/n ; 29 cm.
Colección:
Arrel : revista editada per la Diputació de Barcelona
; Núm. 8 (març-abril, 1984) ; pàgs. 34-36
MARC
| LEADER | 00000nab a2200000 a 4500 | ||
|---|---|---|---|
| 001 | 8160 | ||
| 003 | Arxiu | ||
| 005 | 20260414085148.0 | ||
| 008 | 160829s9999 xx 000 0 cat d | ||
| 245 | |a Les Ràdios municipals i la premsa comarcal : |b la comunicació a Catalunya | ||
| 260 | |a Barcelona : |b Diputació de Barcelona ; |c 1984 | ||
| 300 | |a 3 pàgs. ; |b il. b/n ; |c 29 cm. | ||
| 490 | |a Arrel : revista editada per la Diputació de Barcelona ; |v Núm. 8 (març-abril, 1984) ; pàgs. 34-36 |x 0211-562X | ||
| 500 | |a Conté el cens de les emissores municipals | ||
| 650 | |a Mitjans de comunicació de massa locals |x Catalunya |9 34247 | ||
| 650 | 0 | |a Premsa comarcal |x Catalunya |9 40842 | |
| 650 | |a Ràdio local |x Censos |x Catalunya |9 40874 | ||
| 856 | 4 | |u https://media.diba.cat/diba/fitxers/arxiu/hemeroteca/arrel/8160/bib_8160_1981_1984_n08_a09_baixa.pdf |y Accés lliure | |
| 900 | |a bib_8160_1981_1984_n08_a09_baixa.pdf | ||
| 901 | |a Arxiu | ||
| 942 | |n 1 |2 udc |c Articles de revista | ||
| 952 | |0 0 |1 0 |2 udc |4 0 |6 REV93 |7 1 |9 50786 |a Arxiu |b Arxiu |d 2016-12-01 |o Rev-93 |r 2016-12-01 00:00:00 |w 2016-12-01 |y ARXIU | ||
| 999 | |c 54628 |d 54628 | ||